LEADER 04404nam 2201033z- 450 001 9910743274603321 005 20230911 035 $a(CKB)5690000000228562 035 $a(oapen)doab113902 035 $a(EXLCZ)995690000000228562 100 $a20230920c2023uuuu -u- - 101 0 $aeng 135 $aurmn|---annan 181 $ctxt$2rdacontent 182 $cc$2rdamedia 183 $acr$2rdacarrier 200 00$aCurrent Updates on Interventional Cardiac Electrophysiology 210 $cMDPI - Multidisciplinary Digital Publishing Institute$d2023 215 $a1 online resource (210 p.) 311 08$a3-0365-8459-5 330 $aRapid developments have taken place over the recent years in the interventional cardiac electrophysiology. New methods and tools in the diagnosis and treatment of cardiac arrhythmia have emerged. There are many questions which still present a challenge, such as the ablation of refractory ventricular tachycardia, how to improve the long-term success rate of persistent atrial fibrillation, the long-term effectiveness and safety of His-Purkinje conduction system pacing. Accordingly, we dedicate this Special Issue Current Updates on Interventional Cardiac Electrophysiology to gathering the most recent progress in this field. Its aim is to present an overview of the current knowledge, latest evidence, and unresolved issues in this field. More specifically, the topics of interest include but are not limited to: atrial fibrillation; cryoablation; radiofrequency ablation; cardiac resynchronization therapy; His-Purkinje conduction system pacing; stereotactic radiotherapy for refractory ventricular tachycardia; pulsed electric field ablation; leadless pacemakers; and implantable cardioverter-defibrillators. 606 $aMedical equipment and techniques$2bicssc 610 $aablation 610 $aablation index 610 $aabnormal electrograms 610 $aalgorithm 610 $aamiodarone 610 $aantimicrobial therapy 610 $aarrhythmogenic right ventricular cardiomyopathy 610 $aatrial fibrillation 610 $aatrial fibrillation (AF) 610 $aatrioventricular synchrony 610 $acardiac computed tomography angiography 610 $acardiac implantable electronic device infection 610 $acatheter ablation 610 $acollateral circulation 610 $acomplication 610 $aconvolution neural network 610 $acoronary sinus (CS) 610 $acoronary sinus ostium (CSo) 610 $aCOVID-19 pandemic 610 $adeep learning 610 $adetection 610 $aelderly patients 610 $aelectrocardiogram 610 $aelectrocardiography 610 $aethanol infusion 610 $aganglionated plexus 610 $ahigh-frequency stimulation 610 $ahigh-power 610 $aiatrogenic atrial septal defect 610 $ainterventional therapy 610 $aintracardiac echocardiography 610 $aleadless dual-chamber pacemaker 610 $aleadless single-chamber pacemaker 610 $aleft atrial appendage closure 610 $aleft atrial appendage occlusion 610 $aleft ventricular outflow tract 610 $anon-pulmonary vein triggers 610 $aoutcomes 610 $aparoxysmal atrial fibrillation 610 $aparoxysmal supraventricular tachycardia 610 $apercutaneous left atrial appendage occlusion 610 $aperi-device leak 610 $apharmacotherapy 610 $apocket infection 610 $apreventive strategies 610 $apulmonary vein reconnection 610 $aradiofrequency ablation 610 $arefractory ventricular tachycardia 610 $aright-to-left shunt 610 $arisk factors 610 $ashort-duration 610 $aslow injection 610 $astereotactic body radiotherapy 610 $astrategy selection 610 $asyncope 610 $atreatment 610 $avasovagal syncope 610 $avein of Marshall 610 $avein of Marshall (VOM) 610 $aventricular arrhythmias 610 $aventricular tachycardia 610 $ayounger patients 615 7$aMedical equipment and techniques 906 $aBOOK 912 $a9910743274603321 996 $aCurrent Updates on Interventional Cardiac Electrophysiology$93560544 997 $aUNINA